Central Library OPAC University of Rajshahi

গীতিগুঞ্জ / (Record no. 63359)

MARC details
000 -LEADER
fixed length control field 00740nam a2200229 a 4500
001 - CONTROL NUMBER
control field 63359
003 - CONTROL NUMBER IDENTIFIER
rucl marc code BD-RjUL
005 - DATE AND TIME OF LATEST TRANSACTION
control field 20211209081205.0
008 - FIXED-LENGTH DATA ELEMENTS--GENERAL INFORMATION
fixed length control field 170129s1992 ii ||||| |||| 00| 0 ben d
020 ## - INTERNATIONAL STANDARD BOOK NUMBER
Terms of availability : TK 50.00
035 ## - SYSTEM CONTROL NUMBER
System control number (BD-RjUL) 63488
040 ## - CATALOGING SOURCE
Original cataloging agency BD-RjUL
Language of cataloging ben
Transcribing agency BD-RjUL
041 ## - LANGUAGE CODE
Language code of text/sound track or separate title ben
082 ## - DEWEY DECIMAL CLASSIFICATION NUMBER
Edition number 23
Classification number 783
Author mark and year SEG 1992
100 ## - MAIN ENTRY--PERSONAL NAME
Personal name সেন, অতুলপ্রসাদ
9 (RLIN) 179531
245 10 - TITLE STATEMENT
Title গীতিগুঞ্জ /
Statement of responsibility, etc. অতুলপ্রসাদ সেন
260 ## - PUBLICATION, DISTRIBUTION, ETC. (IMPRINT)
Place of publication, distribution, etc. কলিকাতা :
Name of publisher, distributor, etc. বিধান সরণি,
Date of publication, distribution, etc. ১৯৯২ [১৩৯৯]
300 ## - PHYSICAL DESCRIPTION
Pagination ২৫২ পৃ. ;
Size ২১ সেমি.
650 ## - SUBJECT ADDED ENTRY--TOPICAL TERM
Topical term or geographic name as entry element গান
9 (RLIN) 186336
Topical term or geographic name as entry element Music
9 (RLIN) 171253
942 ## - ADDED ENTRY ELEMENTS (KOHA)
Source of classification or shelving scheme Dewey Decimal Classification
Koha item type Books
Holdings
Lost status Source of classification or shelving scheme Damaged status Not for loan Collection code Permanent Location Current Location Shelving location Date acquired Source of acquisition Cost, normal purchase price Total Checkouts Full call number Date last seen Copy number Koha item type
  Dewey Decimal Classification   Not For Loan Non-fiction Central Library, University of Rajshahi Central Library, University of Rajshahi Reading Room 31/12/1996 Ankur Prokasoni, Dhaka 50.00   B 783 SEG 1992 29/01/2017 C-1 Books